Statistiques concernant Drapeaux divers

Cliquez ici pour prendre le quiz!

Statistiques générales

  • Ce quiz a été pris 32 fois
  • Le résultat moyen est 14 sur 28

Statistiques - réponses

Réponse% Correct
Îles Féroé
89%
Catalogne
82%
Groenland
82%
Gibraltar
79%
Île de Man
79%
Nouvelle-Calédonie
71%
Îles Cook
68%
Antarctique
64%
Guam
64%
Macao
64%
Bermudes
46%
Norfolk
46%
Îles Vierges britanniques
43%
Wallis-et-Futuna
43%
Curaçao
39%
Île Christmas
39%
Îles Mariannes du Nord
39%
Montserrat
39%
Tokelau
39%
îles Caïmans
36%
Îles Malouines
36%
Anguilla
32%
îles Pitcairn
32%
îles Vierges des États-Unis
25%
Papouasie occidentale
25%
Saint-Barthélemy
25%
Île Bougainville
21%
territoire antarctique britannique
14%

Distribution des résultats

Percentile par nombre de réponses

% des personnes avec chaque résultat

Votre développement - résultats

Vous n’avez pas pris ce quiz